LEADER 00954nam a2200229 u 4500 001 000000085205 003 CaOOAMICUS 005 20070226124148.0 008 050729s1933 it a u000 u ita u 035 $a11056071 040 $aPUL(R)$bita 245 03$aLe fonti della grazia :$bdisegni di Giambattista Conti. 260 $aViterbo :$bCultura religiosa popolare,$c1933. 300 $a96 p. :$bill. ;$c21 cm 490 1 $aCultura religiosa popolare ;$v5 650 4$aGrazia.$0(OLS)http://pul/subject/22983 830 0$aCultura religiosa popolare ;$v5.$0(OLS)http://pul/title/110620 850 $aPUL 852 $aPUL$W1$xDP1 Fondo Cecchetti$y53$m277 D 15$j108291$nBK-PRI$b $qFondi$B108291$CPULBib$Z2$F108291 $HPUL7774 $81 941 1 $a1 996 $6245$aLe fonti della grazia :$bdisegni di Giambattista Conti$9(OLS)http://pul/title/110619 996 $6260$aViterbo :$bCultura religiosa popolare$9(OLS)http://pul/publisher/68531 LEADER 01195nam a2200313 a 4500 001 000000147585 003 CaOOAMICUS 005 20151123141456.0 008 151123s1974 it u000 u ita r 032 $aLibriCat 040 $aPUL$bita 041 1 $aita$heng 100 1 $aBerne, Eric,$d1910-1970.$0(OLS)http://pul/name/94345 240 10$aGames people play.$lItaliano.$0(OLS)http://pul/title/186263 245 10$aA che gioco giochiamo / $cEric Berne ; prefazione di Furio Colombo. 250 $a6. ed. 260 $aMilano :$bBompiani,$c1974. 300 $a223 p. ;$c21 cm. 490 1 $aI delfini blu. Saggi ;$v30 504 $aBibliografia in nota. 650 4$aGiochi (Psicologia).$0(OLS)http://pul/subject/29392 700 1 $aColombo, Furio.$0(OLS)http://pul/name/2365 830 0$aDelfini blu.$pSaggi ;$v30.$0(OLS)http://pul/title/186265 850 $aPUL 852 $aPUL$W1$xDP1 Fondo Bordoni$y120$m1 A 18$j17327$qFondi$B171382$CPULBib$Z2$F171382 $HBor410 $81 941 1 $a1 996 $6245$aA che gioco giochiamo / $9(OLS)http://pul/title/186264 996 $6260$aMilano :$bBompiani$9(OLS)http://pul/publisher/48240